| 000 | 01001nam a22002657a 4500 | ||
|---|---|---|---|
| 999 |
_c21262 _d21262 |
||
| 003 | AR-CdUCM | ||
| 008 | 190506b ||||| |||| 00| 0 spa d | ||
| 040 |
_aMUNICIPALIDAD PROVINCIAL DEL CUSCO _cBIBLIOTECA MUNICIPAL DEL CUSCO |
||
| 082 |
_a531.2/C31F _bC31F |
||
| 100 |
_aCarrillo Segunda, Salinova _944413 |
||
| 245 | _aFísica I / | ||
| 260 |
_aCusco ; _bPrimavera, _c2017. |
||
| 300 |
_a149 Páginas. : _c20 cm. |
||
| 500 | _aTexto empastado en color azul | ||
| 505 | _aContenido: Naturaleza de la Física -- Estructura de la materia -- División de la materia -- Interacciones fundamentales -- Origen del universo -- Magnitudes físicas -- Análisis vectorial -- Estática -- Dinámica de rotación ... | ||
| 650 |
_aEstática _920065 |
||
| 650 |
_aFísica _92382 |
||
| 650 |
_aIngeniería _910043 |
||
| 650 |
_aMagnitudes físicas _944414 |
||
| 650 |
_aCinemática _93280 |
||
| 650 |
_aDinámica _920090 |
||
| 650 |
_aEnergía mecánica _944415 |
||
| 942 |
_2ddc _cLIBROS |
||
| 945 | _aRoel | ||